Revista de doctrina, jurisprudencia, legislación y práctica /
Guardado en:
| Formato: | Seriadas |
|---|---|
| Idioma: | Spanish |
| Publicado: |
Buenos Aires :
Abeledo Perrot Argentina,
2016
|
| Materias: | |
| Etiquetas: |
Agregar Etiqueta
Sin Etiquetas, Sea el primero en etiquetar este registro!
|
| LEADER | 00425nas a22001215a 4500 | ||
|---|---|---|---|
| 001 | DER.der013046 | ||
| 005 | 20180919104237.0 | ||
| 008 | 180615s2016####|||####|###|#|######spa|| | ||
| 245 | 1 | 0 | |a Revista de doctrina, jurisprudencia, legislación y práctica / |c , dirigido por Juan Carlos Cassagne. |
| 260 | |a Buenos Aires : |b Abeledo Perrot Argentina, |c 2016 | ||
| 300 | |a 291 p. | ||
| 653 | |a DERECHO ADMINISTRATIVO | ||
| 859 | |a DERECHO |b BIB. DERECHO |p 007902 | ||
